000
00320nam a2200121Ia 4500
008
190216s9999||||xx |||||||||||||| ||und||
100
_a
Charels A Nickerson & Ingeborg A Nickerson
245
0
_a
Statistical Analysis For Decision Making
260
_b
Pbi Pb
_c
1978
300
_a
403
650
_a
Economics
942
_c
BK
999
_c
9461
_d
9461